Malé jazzové album Piano

Bibliographic Details
Main Author: Hradecký, Emil, 1913-1974 (Author)
Format: Book
Language:Czech
PhysicalDescription:23, [1] s. 30 cm
Published: Praha Supraphon 1990
ISBN:8070580143
Edition:2. vyd.

MARC

LEADER 00000nam a2200000 a 4500
001 vtls001256774
003 SK-MaSNL
005 20260301234445.0
008 250414s1990 CS 0 cze
020 |a 8070580143 
035 |a SNK000207606 
040 |a SNK  |b slo  |c SNK  |e AACR2 
041 0 |a cze 
044 |a [CS] 
080 |a 785.16:786.2  |2 1981 
080 |a 786.2  |2 1981 
100 1 |a Hradecký, Emil,  |d 1913-1974  |4 aut  |9 61403 
245 1 0 |a Malé jazzové album  |h Hudobnina  |b Piano  |c Emil Hradecký 
250 |a 2. vyd. 
260 |a Praha  |b Supraphon  |c 1990 
300 |a 23, [1] s.  |c 30 cm 
500 |a Súbež. názov a čiast. text nem. a angl. H 7325 
852 |a Slovenská národná knižnica 
919 |a 80-7058-014-3 
954 |a skladby džezové  |a klavír 
958 |a OND 
999 |c 970076  |d 972006 
952 |t P60, <04>, [BOOK], {604}  |a SNK  |b SNK  |y VYP  |7 0  |p 17A0077114  |o snkHIB 13803  |0 0  |1 0  |4 0  |d 1997-07-03  |l 0  |r 2005-01-01 00:00:00  |w 2026-02-24